Statistics for WWE One Minute Quiz: AJ Lee

Click here to take the quiz!

General Stats

  • This quiz has been taken 581 times
  • The average score is 4 of 5

Answer Stats

QuestionAnswer% Correct
How Many Divas Championships Has She Won?Three
97%
How Many Kids Does She Have? (October 2014)None
90%
Who is AJ Currently Married To? (October 2014)Phillip Jack Brooks
89%
How Old is AJ Lee? (October 2014)Twenty-Seven
84%
How Long Was AJ's Longest Title Reign?295 Days
15%

Score Distribution

Percentile by Number Answered

Percent of People with Each Score

Your Score History

You have not taken this quiz